000 00568nam a2200229Ia 4500
003 OSt
005 20221005133300.0
006 a|||||r|||| 00| 0
007 ta
008 221004b |||||||| |||| 00| 0 eng d
024 _a39244
037 _cTextual
040 _aCRL
_cCRL
_beng
041 _2eng
_aeng
082 _aO:3M35x, J21
100 _aTwain Mark
245 0 _aWhat is man? American Artists Edition
260 _c1952
650 _aENGLISH LITERATURE
942 _hO:3M35x, J21
_cTEXL
_2cc
999 _c1066335
_d1066335